00461nam a2200181 a 4500001001300000003000900013005001700022008004100039020000900080082001600089100002100105245004000126260003200166300000800198500003500206650001700241700002100258nice12345678IN_TiNIC20260116012238.0070621s1959 lona grp 000 0 eng  ac1000a220.44bSNA aSnaith, Norman H aNotes on the Hebrew Text of Genesis aLondon bNo Publisherc1959 a50p aincludes index and biblioraphy aBible-Hebrew1 aSnaith, Norman H